|
|
|
|
| LEADER |
01109nam a2200265 a 4500 |
| 001 |
2488321 |
| 008 |
101205r19971992njua b 001 0 eng d |
| 010 |
|
|
|a 91035561
|
| 020 |
|
|
|a 8120307801
|
| 020 |
|
|
|a 0132009161
|
| 040 |
|
|
|a DLC
|c DLC
|d DLC
|d BD-DhAAL
|
| 082 |
0 |
0 |
|a 004.6
|2 20
|
| 100 |
1 |
|
|a Bertsekas, Dimitri P.
|
| 245 |
1 |
0 |
|a Data networks /
|c Dimitri Bertsekas, Robert Gallager.
|
| 250 |
|
|
|a 2nd ed.
|
| 260 |
|
|
|a Englewood Cliffs, N.J. :
|b Prentice Hall ;
|a New Delhi :
|b Prentice Hall ,
|c c1992. [Reprinted 1997]
|
| 300 |
|
|
|a xviii, 556 p. :
|b ill. ;
|c 24 cm.
|
| 504 |
|
|
|a Includes bibliographical references (p. 537-551) and index.
|
| 541 |
|
|
|e 00006795
|
| 650 |
|
0 |
|a Data transmission systems.
|
| 700 |
1 |
|
|a Gallager, Robert G.
|
| 852 |
4 |
|
|a Ayesha Abed Library
|j General shelf
|
| 999 |
|
|
|c 10152
|d 10152
|
| 952 |
|
|
|0 0
|1 0
|2 ddc
|4 0
|6 004_600000000000000_BER
|7 0
|9 13450
|a BRACUL
|b BRACUL
|c GEN
|d 2010-12-06
|l 0
|o 004.6 BER
|p 3010006795
|r 2010-12-06
|t 1
|w 2010-12-06
|y BK
|
| 952 |
|
|
|0 0
|1 0
|2 ddc
|4 0
|6 004_600000000000000_BER
|7 0
|9 13451
|a BRACUL
|b BRACUL
|c GEN
|d 2010-12-06
|l 0
|o 004.6 BER
|p 3010006794
|r 2010-12-06
|t 2
|w 2010-12-06
|y BK
|